[Event "16. Bayer Open"]
[Site "Leverkusen"]
[Date "2018.03.12"]
[Round "6.33"]
[White "Werthmann, Martin-Lorenz"]
[Black "Elshani, Shaip"]
[Result "0-1"]
[WhiteElo "1363"]
[BlackElo "1752"]
[PlyCount "87"]
[EventDate "2018.??.??"]
[WhiteTeam "Kölner SK Dr. Lasker"]
[BlackTeam "SC Bayer Leverkusen"]

1. e4 c5 2. Nc3 d6 3. f4 Nc6 4. Bc4 e6 5. Nf3 a6 6. a3 b5 7. Ba2 Nf6 8. d3 Be7
9. O-O O-O 10. Ne2 Bb7 11. Ng3 h6 12. f5 e5 13. h3 Rc8 14. Nh2 d5 15. Nh5 dxe4
16. Nxf6+ Bxf6 17. Ng4 Kh7 18. Nxf6+ Qxf6 19. Bd5 exd3 20. cxd3 Rfd8 21. Be4
Na5 22. Qc2 Bxe4 23. dxe4 c4 24. Be3 Nb3 25. Rad1 Nd4 26. Qf2 Rd6 27. Rd2 Rcd8
28. Rfd1 Nb3 29. Rxd6 Rxd6 30. Rd5 Rxd5 31. exd5 Qd6 32. Qf3 Nd4 33. Qe4 Ne2+
34. Kf2 Nf4 35. Bxf4 exf4 36. Kf3 Qf6 37. Kxf4 Qxb2 38. f6+ g6 39. Qe7 Qd4+ 40.
Kg3 Qxd5 41. Kf2 c3 42. Ke2 c2 43. Qc7 c1=Q 44. Qxc1 0-1

[Event "16. Bayer Open"]
[Site "Leverkusen"]
[Date "2018.03.12"]
[Round "6.34"]
[White "Gülden, Ralf"]
[Black "Breuer, Achim"]
[Result "1/2-1/2"]
[WhiteElo "1722"]
[BlackElo "1584"]
[PlyCount "135"]
[EventDate "2018.??.??"]
[WhiteTeam "Königsspringer Leverkusen"]
[BlackTeam "SV Dormagen"]

1. d4 e6 2. c4 d5 3. Nc3 Nf6 4. Bg5 Be7 5. e3 c5 6. dxc5 Bxc5 7. cxd5 exd5 8.
Bb5+ Nc6 9. Bxf6 Qxf6 10. Qxd5 Bb4 11. Qe4+ Be7 12. Bxc6+ bxc6 13. Nge2 Bf5 14.
Qd4 Qg5 15. Ng3 Be6 16. O-O O-O 17. Nce4 Qb5 18. Rfc1 Rfd8 19. Qc3 Bd5 20. Nf5
Bf8 21. Nd4 Qb7 22. Nc5 Qe7 23. Nd3 Qg5 24. Nf4 Be4 25. Qc4 Bd6 26. Nde2 Bf5
27. Ng3 Bd7 28. Ne4 Qe5 29. Nxd6 Qxd6 30. Rd1 Qf6 31. Qd4 Qf5 32. Rac1 Qg5 33.
Rc5 Qg4 34. h3 Qh4 35. Nh5 Qxd4 36. Rxd4 Rab8 37. b3 Be6 38. Rxd8+ Rxd8 39. Nf4
Bf5 40. Rxc6 g6 41. Rc5 Rd1+ 42. Kh2 Rd2 43. Ra5 Rxf2 44. Rxa7 g5 45. Ra8+ Kg7
46. Nh5+ Kh6 47. Ng3 Be6 48. e4 g4 49. hxg4 Bxg4 50. Ra6+ f6 51. Ra5 Bf3 52.
Nf5+ Kg5 53. Ne3+ Kf4 54. Rf5+ Kxe3 55. Rxf3+ Rxf3 56. gxf3 Kxf3 57. a4 Kxe4
58. a5 Kd5 59. Kg3 h5 60. Kh4 Kc5 61. Kxh5 Kb5 62. b4 f5 63. Kg5 f4 64. Kxf4
Ka6 65. Ke5 Kb5 66. Kd6 Ka6 67. Kc7 Ka7 68. b5 1/2-1/2

[Event "16. Bayer Open"]
[Site "Leverkusen"]
[Date "2018.03.12"]
[Round "6.35"]
[White "Skiber, Friedel"]
[Black "Longerich, Hans-Peter"]
[Result "1-0"]
[WhiteElo "1695"]
[BlackElo "1551"]
[PlyCount "46"]
[EventDate "2018.??.??"]
[WhiteTeam "SG Solingen"]
[BlackTeam "SC Bayer Leverkusen"]

1. e4 c6 2. Nc3 d5 3. Nf3 dxe4 4. Nxe4 Nd7 5. d4 Ngf6 6. Bd3 Nxe4 7. Bxe4 Nf6
8. Bd3 e6 9. c3 c5 10. Ne5 cxd4 11. Bb5+ Bd7 12. Qxd4 a6 13. Be2 Rc8 14. Bg5
Bc5 15. Qd2 Rc7 16. Rd1 h6 17. Be3 Bxe3 18. Qxe3 Qe7 19. O-O O-O 20. Rd4 Nd5
21. Qg3 Nf6 22. Ng4 Nxg4 23. Qxc7 Ne5 1-0

[Event "16. Bayer Open"]
[Site "Leverkusen"]
[Date "2018.03.12"]
[Round "6.37"]
[White "Paul, André David"]
[Black "Teuber, Alfons"]
[Result "1-0"]
[WhiteElo "1655"]
[BlackElo "1228"]
[PlyCount "95"]
[EventDate "2018.??.??"]
[WhiteTeam "Kölner SK Dr. Lasker"]
[BlackTeam "BSW Opladen"]

1. d4 d5 2. c4 e6 3. Nc3 Bb4 4. e3 Nf6 5. Bd2 Bxc3 6. Bxc3 Ne4 7. c5 Nxc3 8.
bxc3 c6 9. Nf3 O-O 10. Bd3 f5 11. g3 Qa5 12. Qb3 Qd8 13. a4 a5 14. Rb1 Ra7 15.
O-O Nd7 16. Rb2 h6 17. Rfb1 g5 18. Kg2 h5 19. h4 g4 20. Ng5 Nf6 21. Qb6 Qxb6
22. Rxb6 Ne4 23. c4 Nc3 24. Ra1 Ra6 25. Rxa6 bxa6 26. Ra3 Ne4 27. Nxe4 fxe4 28.
Be2 Rf7 29. Rb3 Rc7 30. Rb6 Kf7 31. cxd5 exd5 32. Kf1 Ke7 33. Bxa6 Bxa6+ 34.
Rxa6 Kd7 35. Rxa5 Rb7 36. Ra8 Rb1+ 37. Kg2 Kc7 38. Rh8 Ra1 39. Rxh5 Rxa4 40.
Rg5 Ra8 41. Rxg4 Rh8 42. Rg7+ Kb8 43. Rf7 Rg8 44. h5 Rg5 45. h6 Kc8 46. h7 Rh5
47. Rg7 Kd8 48. Rg8+ 1-0

[Event "16. Bayer Open"]
[Site "Leverkusen"]
[Date "2018.03.12"]
[Round "6.38"]
[White "Becker, Johann"]
[Black "Klees, Robert"]
[Result "1-0"]
[WhiteElo "1691"]
[BlackElo "1575"]
[PlyCount "21"]
[EventDate "2018.??.??"]
[WhiteTeam "TV Witzhelden"]
[BlackTeam "SF Düsseldorf-Süd"]

1. e4 e5 2. Bc4 Nc6 3. Nf3 Nf6 4. Nc3 Bc5 5. O-O a6 6. a3 Ng4 7. d3 d6 8. h3 h5
9. Ng5 Qf6 10. Bxf7+ Ke7 11. Nd5+ 1-0

[Event "16. Bayer Open"]
[Site "Leverkusen"]
[Date "2018.03.12"]
[Round "6.39"]
[White "Milz, Ulrich"]
[Black "Hoferichter, Michael"]
[Result "1-0"]
[WhiteElo "1686"]
[BlackElo "1569"]
[PlyCount "109"]
[EventDate "2018.??.??"]
[WhiteTeam "SC Bayer Leverkusen"]
[BlackTeam "Klub Kölner SF"]

1. e4 c5 2. Bc4 e6 3. Nc3 Nf6 4. d3 d5 5. exd5 exd5 6. Bb3 Nc6 7. a3 Be6 8. Nf3
h6 9. O-O Be7 10. Re1 O-O 11. h3 a6 12. Ne2 c4 13. Ba2 Qc7 14. Nf4 Bd7 15. dxc4
dxc4 16. Bxc4 Rad8 17. Qe2 Bc5 18. Nd3 Rfe8 19. Qf1 Ne4 20. Rxe4 Rxe4 21. Nxc5
Re7 22. Nxd7 Rdxd7 23. b4 b5 24. Bb3 Qb6 25. Be3 Qd8 26. c4 Rd3 27. cxb5 axb5
28. Bc2 Rd5 29. Qc1 Red7 30. Bh7+ Kxh7 31. Qxc6 Rd1+ 32. Rxd1 Rxd1+ 33. Kh2
Qb8+ 34. g3 g6 35. Nd4 Qh8 36. Qd7 Qf6 37. Qd5 Rb1 38. Qxb5 Rb2 39. Qf1 Ra2 40.
Nb5 Qe5 41. Qd3 Qh5 42. Nd6 Qf3 43. Qe4 Qd1 44. Qf4 Qd5 45. Qxh6+ Kg8 46. Ne8
Qe5 47. a4 Qxe8 48. a5 Qe4 49. Bc5 Qa8 50. Bd4 Rxf2+ 51. Bxf2 Qf3 52. Qf4 Qb3
53. h4 f5 54. a6 Qa4 55. a7 1-0

[Event "16. Bayer Open"]
[Site "Leverkusen"]
[Date "2018.03.12"]
[Round "6.40"]
[White "Reinartz, Ulrich"]
[Black "Kolleck, Wolf-Dietrich"]
[Result "1-0"]
[WhiteElo "1624"]
[BlackElo "1546"]
[PlyCount "33"]
[EventDate "2018.??.??"]
[WhiteTeam "TV Witzhelden"]
[BlackTeam "SC Bayer Leverkusen"]

1. e4 e5 2. Nf3 Nc6 3. d4 exd4 4. Nxd4 Nxd4 5. Qxd4 d6 6. Bc4 Qf6 7. Qe3 Ne7 8.
Nc3 c6 9. Bd2 Ng6 10. f4 Be7 11. O-O-O Bd7 12. Rhe1 Bg4 13. Be2 Bxe2 14. Rxe2
O-O-O 15. Qxa7 Kc7 16. Na4 Rb8 17. Ba5+ 1-0

[Event "16. Bayer Open"]
[Site "Leverkusen"]
[Date "2018.03.12"]
[Round "6.41"]
[White "Roder, Stephan"]
[Black "Balduan, Karl-Heinz"]
[Result "1-0"]
[WhiteElo "1399"]
[BlackElo "1600"]
[PlyCount "45"]
[EventDate "2018.??.??"]
[WhiteTeam "Bergische SF"]
[BlackTeam "Königsspringer Leverkusen"]

1. e4 e5 2. Nf3 d6 3. d4 exd4 4. Nxd4 Be7 5. Nc3 Bd7 6. Bd3 Nc6 7. Be3 Bf6 8.
Nde2 Nge7 9. O-O O-O 10. Rb1 a6 11. Qd2 Ne5 12. Nf4 Nxd3 13. cxd3 c6 14. Nh5
Ng6 15. Na4 b5 16. Nb6 Rb8 17. Nxf6+ gxf6 18. Nxd7 Qxd7 19. Bh6 Rfe8 20. Qc3
Re6 21. f4 Ne7 22. Rf3 f5 23. Qg7# 1-0

[Event "16. Bayer Open"]
[Site "Leverkusen"]
[Date "2018.03.12"]
[Round "6.42"]
[White "Bigott, Martin"]
[Black "Garcia Unterbusch, Juan"]
[Result "1-0"]
[WhiteElo "1807"]
[BlackElo "1456"]
[PlyCount "94"]
[EventDate "2018.??.??"]
[WhiteTeam "SF Lohmar"]
[BlackTeam "Pulheimer SC"]

1. e4 c5 2. c3 d6 3. d4 Nf6 4. Bd3 cxd4 5. cxd4 Nc6 6. Ne2 e6 7. Nbc3 Be7 8.
O-O O-O 9. a3 Bd7 10. b4 a6 11. h3 Rc8 12. Be3 Qe8 13. Rc1 Na7 14. e5 Nd5 15.
Nxd5 exd5 16. Nf4 Rxc1 17. Bxc1 Be6 18. Nxe6 fxe6 19. Qg4 Qf7 20. f4 Kh8 21. f5
exf5 22. Rxf5 Qg8 23. Rxf8 Qxf8 24. Qh5 Qg8 25. e6 Nc6 26. Qxd5 Qe8 27. Bf4 Qf8
28. Qe4 g6 29. d5 Na7 30. a4 Nc8 31. Be3 Bf6 32. Qc4 Ne7 33. Be4 Qe8 34. b5
axb5 35. Qxb5 Qc8 36. Qf1 Ng8 37. Qc1 Qa8 38. Qc4 Qa5 39. Kf2 Qd8 40. Bd4 Qe7
41. Bb6 Be5 42. Bf3 Qg5 43. Ke2 Qf5 44. Qd3 Qf4 45. a5 Qb4 46. Qc2 Qb5+ 47. Kf2
Bd4+ 1-0

[Event "16. Bayer Open"]
[Site "Leverkusen"]
[Date "2018.03.12"]
[Round "6.47"]
[White "Nölle, Lisa"]
[Black "Büttgenbach, Uwe Eugen"]
[Result "0-1"]
[WhiteElo "916"]
[BlackElo "1505"]
[PlyCount "64"]
[EventDate "2018.??.??"]
[WhiteTeam "SF Schlebusch"]
[BlackTeam "Ronsdorfer SV"]

1. d4 Nf6 2. Nc3 e6 3. e4 Bb4 4. Bd3 Nc6 5. Be3 d6 6. Qf3 Bd7 7. Nge2 e5 8. d5
Ne7 9. O-O-O h6 10. h4 Bxc3 11. Nxc3 Bg4 12. Qg3 Bxd1 13. Qxg7 Ng6 14. Bxh6 Nh5
15. Bg5 Qd7 16. Qxh8+ Nxh8 17. Rxd1 f6 18. Be3 a6 19. Be2 Nf4 20. Bf1 O-O-O 21.
g3 Nfg6 22. Bg2 Nf7 23. Rh1 Qe8 24. h5 Ne7 25. h6 b5 26. Bh3+ Kb7 27. b3 c6 28.
a4 b4 29. dxc6+ Qxc6 30. Nd5 Nxd5 31. exd5 Qc3 32. Be6 Qa1+ 0-1

[Event "16. Bayer Open"]
[Site "Leverkusen"]
[Date "2018.03.19"]
[Round "7.1"]
[White "Balduan, Markus"]
[Black "Peschel, Andreas"]
[Result "1/2-1/2"]
[WhiteElo "2309"]
[BlackElo "2195"]
[PlyCount "65"]
[EventDate "2018.??.??"]
[WhiteTeam "TV Witzhelden"]
[BlackTeam "SG Solingen"]

1. c4 e5 2. g3 Nf6 3. Bg2 d5 4. cxd5 Nxd5 5. Nc3 Nb6 6. Nf3 Nc6 7. O-O Be7 8.
a3 O-O 9. b4 Be6 10. Rb1 f6 11. d3 Qd7 12. Ne4 Rab8 13. Qc2 Nd4 14. Nxd4 exd4
15. Nc5 Bxc5 16. bxc5 Qa4 17. Qxa4 Nxa4 18. Bf4 Rf7 19. Rxb7 Rxb7 20. Bxb7 Nxc5
21. Bc6 g5 22. Bd2 Nb3 23. Rd1 Rf8 24. Be1 Rb8 25. Rb1 Rb6 26. Ba4 Nc5 27. Rxb6
axb6 28. Bc6 Kf7 29. Bb4 Na6 30. Bd2 Nc5 31. Bb4 Na6 32. Bd2 Nc5 33. Bb4
1/2-1/2

[Event "16. Bayer Open"]
[Site "Leverkusen"]
[Date "2018.03.19"]
[Round "7.2"]
[White "Lamprecht, Mark"]
[Black "Pejkovic, Patrick Slavko"]
[Result "1-0"]
[WhiteElo "2210"]
[BlackElo "2133"]
[PlyCount "139"]
[EventDate "2018.??.??"]
[WhiteTeam "SC Bonn Beuel"]
[BlackTeam "Langenfelder SF"]

1. c4 e5 2. Nc3 Nf6 3. g3 Bb4 4. Bg2 O-O 5. e4 Bxc3 6. bxc3 d6 7. d3 c6 8. Bg5
h6 9. Bxf6 Qxf6 10. Ne2 Bg4 11. O-O Bf3 12. Qd2 c5 13. Qe3 Bxe2 14. Qxe2 Nc6
15. Rab1 Rab8 16. Qg4 Qe7 17. Bh3 Rbd8 18. Rb2 b6 19. Kh1 Nb8 20. f4 f6 21. Qh4
Qe8 22. Rbf2 Nc6 23. Bf5 g6 24. Bh3 Kg7 25. Bg2 Qe7 26. Qg4 Qd7 27. Qf3 Rf7 28.
h4 Rdf8 29. Kh2 Qe7 30. Bh3 Rh8 31. h5 Rff8 32. Qg4 Qe8 33. hxg6 h5 34. Qd7+
Qxd7 35. Bxd7 Nb8 36. Bf5 Nc6 37. Kg2 Ne7 38. Kf3 Nxg6 39. Rh2 Rh6 40. Rfh1
Rfh8 41. Ke3 h4 42. fxe5 fxe5 43. Bxg6 Rxg6 44. gxh4 Rg3+ 45. Kd2 Rf8 46. Kc2
Rff3 47. Rd2 Rh3 48. Rg1+ Kh7 49. Rg4 Kh6 50. Rg8 Kh7 51. Rd8 Rf7 52. Rxd6 Rxh4
53. Re6 Rh5 54. a4 Rh1 55. a5 bxa5 56. Rxe5 Rff1 57. Rxc5 Rc1+ 58. Kb3 Ra1 59.
Ra2 Rab1+ 60. Ka4 Rh3 61. Rd5 Kg7 62. Kxa5 Kf6 63. c5 Rb3 64. c4 Ke6 65. c6 Rh7
66. Rg2 Rh1 67. Ra2 Rh7 68. Ka4 Rb1 69. Rb5 Rd1 70. Rb7 1-0

[Event "16. Bayer Open"]
[Site "Leverkusen"]
[Date "2018.03.19"]
[Round "7.4"]
[White "Neubauer, Jürgen"]
[Black "Mohaupt, Sascha"]
[Result "1-0"]
[WhiteElo "2046"]
[BlackElo "2200"]
[PlyCount "89"]
[EventDate "2018.??.??"]
[WhiteTeam "SK Turm Euskirchen"]
[BlackTeam "SV Wermelskirchen"]

1. e4 c5 2. Nf3 d6 3. c4 e5 4. d3 Nc6 5. h3 g6 6. Nc3 Bg7 7. g4 Nge7 8. Be3 Nd4
9. Bxd4 exd4 10. Nd5 Nxd5 11. cxd5 Bh6 12. Rg1 Bf4 13. g5 Qa5+ 14. Nd2 h6 15.
h4 hxg5 16. hxg5 Rh2 17. Rb1 Bxd2+ 18. Qxd2 Qxd2+ 19. Kxd2 Rxf2+ 20. Be2 a5 21.
Rbf1 Rxf1 22. Rxf1 Ke7 23. Rh1 Bd7 24. b3 Re8 25. Rh7 Kf8 26. Rh8+ Ke7 27. Rh7
b6 28. Ke1 Rc8 29. Kf2 a4 30. Kg3 Ra8 31. Kf4 axb3 32. axb3 Ra2 33. Bf3 Rf2 34.
Rh8 Be8 35. Rh1 f6 36. Kg3 Rd2 37. Rh7+ Bf7 38. Bg4 Rxd3+ 39. Kf2 Rxb3 40. Be6
fxg5 41. Rxf7+ Ke8 42. e5 g4 43. Rb7 g3+ 44. Kg2 d3 45. exd6 1-0

[Event "16. Bayer Open"]
[Site "Leverkusen"]
[Date "2018.03.19"]
[Round "7.5"]
[White "Moors, Christoph"]
[Black "ter Steeg, Marcus"]
[Result "1-0"]
[WhiteElo "2068"]
[BlackElo "2066"]
[PlyCount "115"]
[EventDate "2018.??.??"]
[WhiteTeam "SC Erkrath"]
[BlackTeam "SF Essen-Werden"]

1. d4 Nf6 2. c4 g6 3. Nf3 Bg7 4. g3 c5 5. Bg2 O-O 6. O-O cxd4 7. Nxd4 Nc6 8.
Nc3 Nxd4 9. Qxd4 d6 10. Qd3 a6 11. Bg5 Bf5 12. e4 Be6 13. Rac1 Rc8 14. b3 Qa5
15. Qd2 Qa3 16. Nd5 Bxd5 17. exd5 h6 18. Bf4 Nh5 19. Be3 Kh7 20. f4 Nf6 21. Rc2
b5 22. Rfc1 Nd7 23. Bh3 f5 24. cxb5 Rxc2 25. Rxc2 axb5 26. Rc7 Rd8 27. Ra7 Qb2
28. Qxb2 Bxb2 29. Bf1 Nf6 30. Bxb5 Nxd5 31. Bf2 Bf6 32. a4 Rc8 33. Bc4 Nb4 34.
Rb7 Nc6 35. Be6 Rd8 36. Bd5 Rc8 37. Kg2 Nd8 38. Ra7 Rc2 39. Kf3 g5 40. Rd7 g4+
41. Ke3 Nc6 42. Bxc6 Rxc6 43. Kd2 Kg6 44. Rb7 Bc3+ 45. Kd3 e5 46. Rb6 e4+ 47.
Ke2 Rc8 48. Rxd6+ Kh7 49. Rd5 Kg6 50. Rc5 Rxc5 51. Bxc5 Kf7 52. b4 Ke6 53. a5
Kd5 54. a6 Kc6 55. b5+ Kc7 56. b6+ Kc6 57. b7 Kc7 58. Bd6+ 1-0

[Event "16. Bayer Open"]
[Site "Leverkusen"]
[Date "2018.03.19"]
[Round "7.6"]
[White "Gula, Julian"]
[Black "Asadzade, Idris"]
[Result "0-1"]
[WhiteElo "2025"]
[BlackElo "1967"]
[PlyCount "72"]
[EventDate "2018.??.??"]
[WhiteTeam "SF Düsseldorf-Süd"]
[BlackTeam "Königsspringer Leverkusen"]

1. d4 Nf6 2. c4 c5 3. d5 b5 4. cxb5 a6 5. f3 d6 6. e4 axb5 7. Bxb5+ Bd7 8. Bc4
g6 9. Nc3 Bg7 10. Nge2 O-O 11. Be3 Qa5 12. Qd2 Na6 13. O-O Rfb8 14. Rab1 Nc7
15. h3 Qb4 16. Qd3 Bc8 17. Bd2 Qb6 18. Kh2 Nd7 19. f4 Ba6 20. b3 Bxc4 21. Qxc4
Qa6 22. Qxa6 Rxa6 23. Rfc1 f5 24. exf5 gxf5 25. Rc2 Nb6 26. Ng3 Rf8 27. b4 cxb4
28. Rxb4 Bxc3 29. Bxc3 Ncxd5 30. Rb5 Rc8 31. Ne2 e6 32. Rcb2 Na4 33. Rb8 Rac6
34. Nd4 Nxb2 35. Nxc6 Rxb8 36. Nxb8 Nxc3 0-1

[Event "16. Bayer Open"]
[Site "Leverkusen"]
[Date "2018.03.19"]
[Round "7.7"]
[White "Boschek, Hans-Joachim"]
[Black "Marcziter, Dmitrii"]
[Result "0-1"]
[WhiteElo "1942"]
[BlackElo "2279"]
[PlyCount "59"]
[EventDate "2018.??.??"]
[WhiteTeam "SG Solingen"]
[BlackTeam "DJK Aufwärts Aachen"]

1. Nf3 d5 2. d4 c5 3. c3 Nc6 4. dxc5 a5 5. Bf4 Nf6 6. e3 e6 7. Nbd2 Bxc5 8. Bb5
O-O 9. O-O Qe7 10. Ne5 Nxe5 11. Bxe5 Nd7 12. Bg3 Nf6 13. Qf3 e5 14. Bh4 e4 15.
Bxf6 gxf6 16. Qh5 Be6 17. c4 Rad8 18. Nb3 Bb6 19. Rad1 dxc4 20. Nd4 Bxd4 21.
Rxd4 Rxd4 22. exd4 Rd8 23. Ba4 Rd5 24. Qh4 Rxd4 25. Bc2 Bf5 26. Re1 Qe5 27. f4
Qd6 28. g4 Qxf4 29. h3 Rd2 30. Bd1 0-1

[Event "16. Bayer Open"]
[Site "Leverkusen"]
[Date "2018.03.19"]
[Round "7.8"]
[White "Lindam, Ingo"]
[Black "Vranidis, Athanassios"]
[Result "1-0"]
[WhiteElo "2112"]
[BlackElo "1958"]
[PlyCount "49"]
[EventDate "2018.??.??"]
[WhiteTeam "Kölner SK Dr. Lasker"]
[BlackTeam "SG Solingen"]

1. d4 Nf6 2. Bg5 Ne4 3. h4 h6 4. Bf4 c5 5. dxc5 Qa5+ 6. Nd2 Nxd2 7. Qxd2 Qxc5
8. e4 Nc6 9. Nf3 e6 10. O-O-O Be7 11. Rh3 d5 12. Be3 Qb4 13. exd5 Qxd2+ 14.
Rxd2 exd5 15. Rg3 g6 16. Rxd5 Be6 17. Rd1 Bxa2 18. Bb5 Be6 19. Ne5 Rc8 20. h5
Bf6 21. Bd4 Bg5+ 22. Kb1 Bf4 23. Nxc6 bxc6 24. Bxh8 Bxg3 25. Ba6 1-0

[Event "16. Bayer Open"]
[Site "Leverkusen"]
[Date "2018.03.19"]
[Round "7.9"]
[White "Gramb, Marius"]
[Black "Piekorz, Roland"]
[Result "1/2-1/2"]
[WhiteElo "2088"]
[BlackElo "1929"]
[PlyCount "63"]
[EventDate "2018.??.??"]
[WhiteTeam "Brühler SK"]
[BlackTeam "Düsseldorfer SK"]

1. d4 d5 2. c4 e6 3. Nf3 Nf6 4. g3 Be7 5. Bg2 O-O 6. O-O Nbd7 7. Qc2 c6 8. Nbd2
b6 9. e4 dxc4 10. Nxc4 Bb7 11. e5 Nd5 12. a3 Re8 13. h4 h6 14. Re1 b5 15. Ne3
c5 16. Ng4 Bf8 17. Qe2 c4 18. Bd2 Rc8 19. Rec1 a6 20. Ne1 Bc6 21. Bf1 Qe7 22.
Ne3 N7b6 23. Nxd5 Nxd5 24. Nc2 Red8 25. Ne3 Nxe3 26. Bxe3 Qd7 27. Bg2 Bxg2 28.
Kxg2 Qd5+ 29. Qf3 a5 30. Rc2 a4 31. h5 Be7 32. Qxd5 1/2-1/2

[Event "16. Bayer Open"]
[Site "Leverkusen"]
[Date "2018.03.19"]
[Round "7.10"]
[White "Birnkott, Manfred"]
[Black "Kies, Werner"]
[Result "0-1"]
[WhiteElo "1920"]
[BlackElo "2036"]
[PlyCount "112"]
[EventDate "2018.??.??"]
[WhiteTeam "SC Bayer Leverkusen"]
[BlackTeam "SC Bayer Leverkusen"]

1. e4 c5 2. Nf3 a6 3. c4 Nc6 4. d4 cxd4 5. Nxd4 Nf6 6. Nc3 d6 7. Be2 g6 8. O-O
Bg7 9. Be3 O-O 10. f3 Bd7 11. Qd2 Nxd4 12. Bxd4 h6 13. Rac1 Rc8 14. Kh1 Kh7 15.
Rfd1 Be6 16. b3 Qa5 17. Qb2 Nh5 18. Bxg7 Nxg7 19. Nd5 Rfe8 20. b4 Qd8 21. c5
Bxd5 22. Rxd5 Qc7 23. Qd2 Qc6 24. g3 Ne6 25. Qe3 dxc5 26. bxc5 Qa4 27. Bc4 Rc6
28. Bb3 Qa5 29. Rc4 Rec8 30. Rd7 R8c7 31. Rxc7 Qxc7 32. Rc2 Qe5 33. Bd5 Rc7 34.
f4 Qg7 35. Bxe6 fxe6 36. e5 Qg8 37. Qb3 Qc8 38. Kg2 Kg7 39. a4 Qd7 40. Qb4 b5
41. axb5 axb5 42. Rc1 Qc6+ 43. Kg1 Ra7 44. Rb1 Ra2 45. Rb2 Rxb2 46. Qxb2 Qxc5+
47. Kf1 Qd5 48. Kf2 Qc4 49. Ke3 b4 50. Qd4 Qb3+ 51. Qd3 Qd5 52. Qxd5 exd5 53.
Kd4 Kf7 54. g4 Ke6 55. h4 h5 56. gxh5 gxh5 0-1

[Event "16. Bayer Open"]
[Site "Leverkusen"]
[Date "2018.03.19"]
[Round "7.11"]
[White "Sockel, Karl-Heinz"]
[Black "German, Raphael"]
[Result "1-0"]
[WhiteElo "2070"]
[BlackElo "1833"]
[PlyCount "73"]
[EventDate "2018.??.??"]
[WhiteTeam "SC Bayer Leverkusen"]

1. c4 c5 2. g3 g6 3. Bg2 Nc6 4. Nc3 Bg7 5. e4 d6 6. d3 Nf6 7. Nge2 Bd7 8. h3
O-O 9. O-O a6 10. Be3 Rb8 11. Qd2 b5 12. b3 b4 13. Nd5 e6 14. Nxf6+ Bxf6 15. d4
Qe7 16. Rad1 Rfd8 17. f4 cxd4 18. Nxd4 e5 19. Ne2 Bc8 20. g4 exf4 21. Nxf4 Be5
22. Nd5 Qe6 23. Bg5 Bd4+ 24. Kh1 f6 25. Bxf6 Bxf6 26. Rxf6 Qe5 27. Rdf1 Be6 28.
Nc7 Bc8 29. Qh6 Qe7 30. Rf7 Qxf7 31. Rxf7 Kxf7 32. Qxh7+ Kf6 33. Nd5+ Kg5 34.
h4+ Kxg4 35. Qxg6+ Kxh4 36. Qh6+ Kg3 37. Qf4# 1-0

[Event "16. Bayer Open"]
[Site "Leverkusen"]
[Date "2018.03.19"]
[Round "7.12"]
[White "Schülke, Tilman"]
[Black "Ziabari, Morteza"]
[Result "1-0"]
[WhiteElo "1971"]
[BlackElo "1845"]
[PlyCount "136"]
[EventDate "2018.??.??"]
[WhiteTeam "Düsseldorfer SV"]
[BlackTeam "Kettwiger SG"]

1. d4 d5 2. c3 Nf6 3. Bg5 h6 4. Bh4 c6 5. Nd2 Bf5 6. Bxf6 exf6 7. g3 Qb6 8. Qb3
Nd7 9. Bg2 a5 10. Ngf3 a4 11. Qxb6 Nxb6 12. O-O Bd6 13. Ne1 O-O 14. e4 Bg4 15.
Bf3 Bxf3 16. Nexf3 Rfe8 17. Rfe1 dxe4 18. Nxe4 Bf8 19. Ned2 a3 20. Rxe8 Rxe8
21. b3 Nd5 22. Rc1 g5 23. Kf1 h5 24. Ne1 g4 25. Rc2 f5 26. Nb1 f4 27. Re2 Ra8
28. Re5 fxg3 29. hxg3 Nf6 30. Ng2 Bd6 31. Re2 b5 32. Nh4 Ra7 33. Nf5 Bf8 34.
Ne3 c5 35. d5 b4 36. c4 Kg7 37. Nf5+ Kg6 38. Nh4+ Kh6 39. Nd2 Rd7 40. Nf5+ Kg6
41. Re5 Bd6 42. Nh4+ Kh7 43. Re3 Re7 44. Rxe7 Bxe7 45. Nf5 Bd8 46. Ke2 Kg6 47.
Nh4+ Kg5 48. Kd3 Bc7 49. Ne4+ Nxe4 50. Kxe4 Kf6 51. Nf5 Be5 52. d6 Ke6 53. d7
Bc7 54. Ng7+ Kxd7 55. Nxh5 Ke6 56. Ng7+ Ke7 57. Kf5 Kf8 58. Nh5 Ke7 59. Nf6 Bd8
60. Nxg4 Kd6 61. Ne3 Kc6 62. Nd5 Kb7 63. f4 Kc6 64. g4 Kd7 65. Ke5 Bh4 66. g5
Bf2 67. Nf6+ Ke7 68. Ng4 Bd4+ 1-0

[Event "16. Bayer Open"]
[Site "Leverkusen"]
[Date "2018.03.19"]
[Round "7.13"]
[White "Axmann, Michael"]
[Black "Scharff, Klaus"]
[Result "0-1"]
[WhiteElo "1827"]
[BlackElo "1952"]
[PlyCount "108"]
[EventDate "2018.??.??"]
[WhiteTeam "SC Bayer Leverkusen"]
[BlackTeam "SV Opladen"]

1. d4 e6 2. c4 d6 3. Nf3 Nd7 4. Nc3 Ne7 5. e3 a6 6. Be2 h6 7. O-O g5 8. h3 Bg7
9. Nh2 e5 10. Bh5 O-O 11. f4 gxf4 12. dxe5 dxe5 13. exf4 f5 14. Be3 e4 15. Qb3
Nf6 16. Rad1 Bd7 17. Be2 Qc8 18. Bc5 Re8 19. Rd2 Be6 20. Rfd1 Ng6 21. g3 h5 22.
Nd5 h4 23. Bf2 b5 24. Nf1 hxg3 25. Bxg3 bxc4 26. Nxf6+ Bxf6 27. Bxc4 Rb8 28.
Bxe6+ Qxe6 29. Qxe6+ Rxe6 30. b3 c5 31. Kf2 Bd4+ 32. Ne3 Ne7 33. Ke2 Rh6 34.
Rh1 Kf7 35. Nc2 Bc3 36. Rdd1 Rbh8 37. h4 Rg8 38. Kf2 Rhg6 39. Rhg1 Nc6 40. Rd7+
Ke8 41. Rc7 Bd4+ 42. Nxd4 cxd4 43. h5 R8g7 44. hxg6 Rxc7 45. Bh4 Ne7 46. Bxe7
Kxe7 47. g7 Rc2+ 48. Kg3 Kf7 49. Kh4 Kg8 50. Kh5 e3 51. Kg6 d3 52. Rg3 e2 53.
Re3 Rc6+ 54. Kxf5 d2 0-1

[Event "16. Bayer Open"]
[Site "Leverkusen"]
[Date "2018.03.19"]
[Round "7.15"]
[White "Meckel, Helmut"]
[Black "Meul, Willi"]
[Result "1-0"]
[WhiteElo "1762"]
[BlackElo "1931"]
[PlyCount "69"]
[EventDate "2018.??.??"]
[WhiteTeam "SG Solingen"]
[BlackTeam "SV Hürth-Berrenrath"]

1. b4 Nf6 2. Bb2 e6 3. b5 d5 4. e3 c5 5. c4 Be7 6. Nf3 O-O 7. Be2 b6 8. O-O Bb7
9. cxd5 Nxd5 10. Ne5 f6 11. Nc4 Nc7 12. a4 Nd7 13. f4 a6 14. Nba3 axb5 15. Nxb5
Nxb5 16. axb5 Rxa1 17. Bxa1 Qc7 18. Bf3 Bd5 19. Qe2 Rd8 20. f5 Nf8 21. d3 exf5
22. Bxd5+ Rxd5 23. Qa2 Ne6 24. Nxb6 Rd6 25. Nd5 Qb7 26. Nxe7+ Qxe7 27. d4 cxd4
28. exd4 Kf8 29. Bc3 Nxd4 30. Bb4 Qe3+ 31. Qf2 Qxf2+ 32. Rxf2 Ke7 33. Bxd6+
Kxd6 34. Rd2 Kc5 35. Rxd4 1-0

[Event "16. Bayer Open"]
[Site "Leverkusen"]
[Date "2018.03.19"]
[Round "7.16"]
[White "Gnass, Arno"]
[Black "Jiritschka, Wolfgang"]
[Result "0-1"]
[WhiteElo "1789"]
[BlackElo "1898"]
[PlyCount "114"]
[EventDate "2018.??.??"]
[WhiteTeam "Bergische SF"]
[BlackTeam "SC Bayer Leverkusen"]

1. d4 Nf6 2. b3 d5 3. Nf3 c5 4. e3 Nc6 5. Bb2 e6 6. Nbd2 cxd4 7. exd4 Be7 8.
Bd3 Nb4 9. Bb5+ Bd7 10. Bxd7+ Qxd7 11. a3 Nc6 12. O-O O-O 13. Re1 Rac8 14. Rc1
b5 15. b4 a5 16. Ne5 Qa7 17. Nxc6 Rxc6 18. c3 a4 19. Nf3 Bd6 20. h3 Rfc8 21.
Qe2 Qb6 22. h4 Bf4 23. Rc2 Ne4 24. Qd3 Rc4 25. g3 Bd6 26. Ng5 Nxg5 27. hxg5 g6
28. f4 Kg7 29. Qe2 Rh8 30. Kg2 h5 31. gxh6+ Rxh6 32. Rcc1 Rc8 33. Rh1 Rch8 34.
Rxh6 Rxh6 35. Qg4 Qd8 36. Rh1 Rxh1 37. Kxh1 Qh8+ 38. Kg2 Qh5 39. Qxh5 gxh5 40.
Kf3 Kg6 41. Bc1 Kf5 42. Be3 Bf8 43. Bf2 f6 44. Be3 Bh6 45. Bf2 e5 46. dxe5 fxe5
47. Be3 exf4 48. gxf4 h4 49. Bd2 h3 50. Kg3 h2 51. Kxh2 Bxf4+ 52. Bxf4 Kxf4 53.
Kg2 Ke3 54. Kf1 Kd2 55. Kf2 Kxc3 56. Ke3 d4+ 57. Ke2 Kc2 0-1